| 000 -LEADER |
| fixed length control field |
00531cam a2200181 4500 |
| 020 ## - INTERNATIONAL STANDARD BOOK NUMBER |
| ISBN |
0030845041 |
| 040 ## - CATALOGING SOURCE |
| Transcribing agency |
DLC |
| 082 00 - DEWEY DECIMAL CLASSIFICATION NUMBER |
| Classification number |
512 HOL 1971 A008 Or. |
| 100 1# - MAIN ENTRY--AUTHOR NAME |
| Personal name |
Cameron, Edward A. |
| 245 10 - TITLE STATEMENT |
| Title |
Algebra and trigonometry, with analytic geometry |
| 250 ## - EDITION STATEMENT |
| Edition statement |
3d ed. |
| 260 ## - PUBLICATION, DISTRIBUTION, ETC. (IMPRINT) |
| Place of publication |
New York, |
| Name of publisher |
Holt, Rinehart and Winston |
| Year of publication |
[1971] |
| 300 ## - PHYSICAL DESCRIPTION |
| Number of Pages |
xiv, 463 p. |
| Other physical details |
illus. |
| Dimensions |
24 cm. |
| 500 ## - GENERAL NOTE |
| General note |
1960 and 1965 editions published under title: Algebra and trigonometry. |
| 650 #0 - SUBJECT ADDED ENTRY--TOPICAL TERM |
| Topical Term |
Algebra. |
| 650 #0 - SUBJECT ADDED ENTRY--TOPICAL TERM |
| Topical Term |
Trigonometry. |
| 942 ## - ADDED ENTRY ELEMENTS (KOHA) |
| Koha item type |
សៀវភៅភាសាអង់គ្លេស |
| 952 ## - LOCATION AND ITEM INFORMATION (KOHA) |
| Withdrawn status [LOCAL, KOHA] |
0 |